Mario Kart 8 Deluxe Streckenlayouts - Statistiken

Allgemein
  • Dieses Quiz wurde 185 mal gespielt
  • Das Durchschnittsergebnis liegt bei 21 aus 96
Antwortstatistiken
Bildquiz Antwort % Korrekt
Baby-Park
77%
Yoshis Piste
73%
Marios Piste
60%
Wario-Abfahrt
53%
Pilz-Schlucht
51%
Excitebike-Stadion
50%
Staubtrockene Wüste
47%
Peachs Schlossgarten
45%
Regenbogen-Boulevard
45%
Regenbogen-Boulevard
40%
Toads Autobahn
40%
Bowsers Festung 3
36%
Regenbogen-Boulevard
36%
Yoshi-Tal
36%
Ticktack-Trauma
33%
Discodrom
32%
BigBlue
31%
DK Skikane
31%
Kuhmuh-Weide
30%
DK Bergland
29%
Kalimari-Wüste
29%
Blätterwald
28%
Marios Piste
27%
Paris-Parcours
27%
Regenbogen-Boulevard
27%
Buu-Huu-Tal
26%
Toads Piste
26%
Waluigi-Flipper
26%
Wolkenpiste
26%
Eiscreme-Eskapade
25%
Instrumentalpiste
25%
Wasserpark
24%
Daisys Dampfer
23%
Mario Kart Stadion
23%
Marios Metro
23%
Marios Piste 3
23%
Polarkreis-Parcours
23%
Wario-Arena
22%
Zuckersüßer Canyon
22%
Käseland
21%
Waluigi-Arena
21%
Kokos-Promenade
20%
Toads Hafenstadt
20%
Daisys Piste
19%
Gebirgspfad
19%
Koopa-Großstadtfieber
19%
Röhrenraserei
19%
Vulkangrollen
19%
Sorbet-Land
18%
Steinblock-Ruinen
18%
Donut-Ebene 3
17%
Königliche Rennpiste
17%
Schoko-Sumpf
17%
Sonnenflughafen
16%
Stadtrundfahrt Madrid
16%
Wilder Wipfelweg
16%
Marios Piste
15%
Party-Straße
15%
Regenbogen-Boulevard
15%
Bowsers Festung
14%
Große Drachenmauer
14%
Ninja-Dojo
14%
Rom-Rambazamba
14%
Überholspur Singapur
14%
Vancouver-Wildpfad
14%
Wolkenstraße
14%
Bad-Parcours
13%
Bangkok Abendrot
13%
Delfinlagune
13%
Gruselwusel-Villa
13%
Schneeland
13%
Sonnenuntergangs-Wüste
13%
Tokio-Tempotour
13%
Animal Crossing-Dorf
12%
DK Dschungel
12%
Flussufer-Park
12%
Knochentrockene Dünen
12%
London-Tour
12%
Mondblickstraße
12%
Shy Guys Wasserfälle
12%
Warios Goldmine
12%
Bergbescherung
11%
Mute City
11%
Pflaster von Berlin
11%
Cheep-Cheep-Strand
10%
Rosalinas Eisplanet
9%
Hyrule-Piste
8%
Koopa-Kap
8%
New-York-Speedway
8%
Yoshis Island
8%
Ausfahrt Amsterdam
7%
Pilz-Pass
7%
Piranha-Pflanzen-Bucht
7%
Sydney-Spritztour
7%
Los-Angeles-Strandpartie
6%
Athen auf Abwegen
4%
Keine übereinstimmenden Quizze gefunden
Verteilung der Resultate
Anzahl Personen mit jedem Resultat
Perzentil nach korrekt beantworteten Fragen
Ihre Resultats-Entwicklung
Sie haben dieses Quiz noch nicht gespielt